| 000 | 00459nam a22001697a 4500 | ||
|---|---|---|---|
| 005 | 20251108164405.0 | ||
| 008 | 250721s1976 xx 000 0 ara d | ||
| 082 | 1 | 4 | _a232.9/ابر |
| 100 | 1 | _aجبره، إبراهيم | |
| 245 | 1 | 0 | _aإبن الله / |
| 264 | 1 |
_aالقاهره : _bمكتبة المحبه، _c1976. |
|
| 300 | _a88ص. | ||
| 490 | 0 | _aالمكتبة الآهوتيه ؛4 | |
| 650 | 1 | 7 | _aالمسيح |
| 942 |
_2ddc _cBK |
||
| 999 |
_c10990 _d10990 |
||